Small business marketing management / (Record no. 5500)

MARC details
000 -LEADER
fixed length control field 00667nam a22002172 4500
001 - CONTROL NUMBER
control field 0000001892
005 - DATE AND TIME OF LATEST TRANSACTION
control field 20151217151831.0
008 - FIXED-LENGTH DATA ELEMENTS--GENERAL INFORMATION
fixed length control field 070329s xx 000 0 eng d
020 ## - INTERNATIONAL STANDARD BOOK NUMBER
International Standard Book Number 03339880751 :
Terms of availability KES 4,065
040 ## - CATALOGING SOURCE
Original cataloging agency KABU
Transcribing agency KABU
050 #0 - LIBRARY OF CONGRESS CALL NUMBER
Classification number HD62.7
Item number .C43
100 1# - MAIN ENTRY--PERSONAL NAME
Personal name Chaston, Ian.
-- 0000150911
245 10 - TITLE STATEMENT
Title Small business marketing management /
Statement of responsibility, etc. Ian Chaston and Terry Mangles.
260 ## - PUBLICATION, DISTRIBUTION, ETC. (IMPRINT)
Place of publication, distribution, etc. Basingstoke, England :
Name of publisher, distributor, etc. Palgrave,
Date of publication, distribution, etc. 2002.
300 ## - PHYSICAL DESCRIPTION
Extent ix, 275 p.
650 #0 - SUBJECT ADDED ENTRY--TOPICAL TERM
Topical term or geographic name as entry element Small business
General subdivision Management.
-- 0000148137
700 1# - ADDED ENTRY--PERSONAL NAME
Personal name Mangles, Terry.
-- 0000150973
908 ## - PUT COMMAND PARAMETER (RLIN)
Put command parameter 070329
950 ## - LOCAL HOLDINGS (RLIN)
-- 1
Holdings
Withdrawn status Lost status Source of classification or shelving scheme Not for loan Home library Current library Date acquired Total Checkouts Full call number Barcode Date last seen Date last checked out Price effective from Koha item type
    Library of Congress Classification   Kabarak, Main Campus Kabarak, Main Campus 17/12/2015 1 HD62.7 .C43 c.1 001606 02/08/2024 15/07/2016 17/12/2015 General Collection
Designed with assistance from East African Informatics Ltd